<?xml version="1.0" encoding="UTF-8"?>
<record
    xmlns:xsi="http://www.w3.org/2001/XMLSchema-instance"
    xsi:schemaLocation="http://www.loc.gov/MARC21/slim http://www.loc.gov/standards/marcxml/schema/MARC21slim.xsd"
    xmlns="http://www.loc.gov/MARC21/slim">

  <leader>02041nam a22001817a 4500</leader>
  <controlfield tag="008">140425b        xxu||||| |||| 00| 0 eng d</controlfield>
  <datafield tag="020" ind1=" " ind2=" ">
    <subfield code="a">9780137029136</subfield>
  </datafield>
  <datafield tag="050" ind1=" " ind2=" ">
    <subfield code="a">HG8051.R44</subfield>
  </datafield>
  <datafield tag="100" ind1=" " ind2=" ">
    <subfield code="a">Rejda, George E.</subfield>
  </datafield>
  <datafield tag="245" ind1=" " ind2=" ">
    <subfield code="a">Principles of risk management and insurance. /</subfield>
    <subfield code="c">George E. Rejda.</subfield>
  </datafield>
  <datafield tag="250" ind1=" " ind2=" ">
    <subfield code="a">11th ed.</subfield>
  </datafield>
  <datafield tag="260" ind1=" " ind2=" ">
    <subfield code="a">Boston:</subfield>
    <subfield code="b">Pearson,</subfield>
    <subfield code="c">2011.</subfield>
  </datafield>
  <datafield tag="300" ind1=" " ind2=" ">
    <subfield code="a">xvii, 731p.;</subfield>
    <subfield code="b">ill. :</subfield>
    <subfield code="c">25cm.</subfield>
  </datafield>
  <datafield tag="500" ind1=" " ind2=" ">
    <subfield code="a">Includes index.</subfield>
  </datafield>
  <datafield tag="505" ind1=" " ind2=" ">
    <subfield code="a">Contents: Fundamentals of risk management and insurance: Risk and its treatment -- The Insurance mechanism -- Fundamentals of risk management -- Additional topics in risk management -- Law and the insurance contract: Legal principles in insurance -- Analysis of insurance contracts -- Personal property and liability risks: The liability risk -- Home owners insurance: section I coverages -- Home owners insurance: section II coverages -- Auto insurance in the United States -- Auto insurance in the United States(continued) -- Other property and liability insurance coverages -- Commercial property and liability risks: Commercial property insurance coverages -- Commercial liability insurance coverages -- Crime insurance coverages and surety bonds -- Life and health risks: Fundamentals of life insurance -- Contract provisions in life  insurance -- Life insurance purchase decisions -- Retirement products: Annuities and individual retirement accounts -- Individual health insurance coverages -- Employee benefits: group life and health insurance coverages -- Employee benefits: qualified retirement plans -- Social insurance programs in the United States -- The private insurance industry in the United States: Types of private insurers and marketing systems -- Functional operations of private insurers -- Financial operations of private insurers -- Government regulation of private insurers in the United States -- Appendix A: Homeowners 3(special forms) -- Appendix B: Personal auto policy -- Appendix C: Whole life insurance policy with riders.</subfield>
  </datafield>
  <datafield tag="650" ind1=" " ind2=" ">
    <subfield code="a">Insurance.</subfield>
  </datafield>
  <datafield tag="942" ind1=" " ind2=" ">
    <subfield code="2">lcc</subfield>
    <subfield code="c">BK</subfield>
  </datafield>
  <datafield tag="999" ind1=" " ind2=" ">
    <subfield code="c">2876</subfield>
    <subfield code="d">10376</subfield>
  </datafield>
  <datafield tag="952" ind1=" " ind2=" ">
    <subfield code="0">0</subfield>
    <subfield code="1">0</subfield>
    <subfield code="2">lcc</subfield>
    <subfield code="4">0</subfield>
    <subfield code="7">0</subfield>
    <subfield code="a">WIUC-1</subfield>
    <subfield code="b">WIUC-1</subfield>
    <subfield code="c">REF</subfield>
    <subfield code="d">2014-04-25</subfield>
    <subfield code="l">0</subfield>
    <subfield code="o">HG8051.R44</subfield>
    <subfield code="p">7314/339/13</subfield>
    <subfield code="r">2014-04-25 00:00:00</subfield>
    <subfield code="t">1</subfield>
    <subfield code="w">2014-04-25</subfield>
    <subfield code="y">BK</subfield>
  </datafield>
  <datafield tag="952" ind1=" " ind2=" ">
    <subfield code="0">0</subfield>
    <subfield code="1">0</subfield>
    <subfield code="2">lcc</subfield>
    <subfield code="4">0</subfield>
    <subfield code="7">0</subfield>
    <subfield code="a">WIUC-1</subfield>
    <subfield code="b">WIUC-1</subfield>
    <subfield code="c">REF</subfield>
    <subfield code="d">2014-04-25</subfield>
    <subfield code="l">0</subfield>
    <subfield code="o">HG8051.R441</subfield>
    <subfield code="p">7239/263/13</subfield>
    <subfield code="r">2014-04-25 00:00:00</subfield>
    <subfield code="t">2</subfield>
    <subfield code="w">2014-04-25</subfield>
    <subfield code="y">BK</subfield>
  </datafield>
</record>
